| 000 | 00366nam a22001577a 4500 | ||
|---|---|---|---|
| 003 | MACL | ||
| 005 | 20160304125322.0 | ||
| 008 | 160304b xxu||||| |||| 00| 0 eng d | ||
| 040 | _cMACL | ||
| 041 | _aEnglish | ||
| 082 | _a823 | ||
| 100 |
_aChopra Deepak _95609 |
||
| 245 | _aThe Daughters Of Joy | ||
| 260 |
_aHaryana _bHay House India _c2012 |
||
| 942 |
_2ddc _cBK |
||
| 999 |
_c53457 _d53457 |
||